000 00843cam a2200193 i 4500
005 20251210092355.0
008 250721s2024 ua gr 000 0 ara d
082 1 4 _a216.3
_bا س م
100 1 _aاسماعيل، اسماعيل السيد العربي
_eمؤلف.
245 1 0 _aأحكام عقد الفرنشايز في العلامة التجارية :
_bدراسة قانونية فقهية معاصرة /
_cالدكتور اسماعيل السيد العربي اسماعيل.
264 3 1 _aالاسكندرية :
_bمؤسسة المعرفة لنشر و توزيع الكتب،
_c2024.
300 _a340 صفحة.
650 1 7 _aالفقة الاسلامي.
650 1 7 _aالتشريعات التجارية.
650 1 7 _aالمعاملات.
650 1 7 _aالقانون.
942 _2ddc
_cBK
999 _c146327
_d146327